| 000 | 00336nam a22001217a 4500 | ||
|---|---|---|---|
| 082 | _a671.752 FIE'E | ||
| 100 |
_aFIELD, SAMUAL:WEILL, A DUDLLY _973369 |
||
| 245 | _aELECTRO-PLATING:A SERVEY OF MODERN PRACTICE INCLUDING THE ANALYSIS OF SOLUTIONS | ||
| 250 | _a4TH | ||
| 260 |
_aLONDON _bSIR ISAAC _c1951 |
||
| 300 | _a546P | ||
| 942 | _cBK | ||
| 999 |
_c579130 _d579130 |
||